Регионална библиотека "Любен Каравелов" - Русе

Чети по-бързо! (Запис номер 455071)

MARC детайли
000 -Лидер
Контролно поле с фиксирана дължина nam a22 a 4500
003 - Код на организацията, давaща контролен номер
Контролно поле BLK
005 - Дата и час на последна редакция
Контролно поле 20220511131430.0
008 - Елементи от данни с фиксирана дължина
fixed length control field 180410b bul|||||r ||||||| ||bul||
020 ## - Международен стандартен номер на книга ISBN
Международен стандартен номер на книга ISBN 9786197620078
040 ## - Източник на каталожния запис
Идентификатор на билиотеката - собственик на записа BLK
041 ## - Код за език
Код за езика на текст/звукозапис или на отделно заглавие Български
Код за езика КДБФ Български
080 ## - УДК
Текстов определител УДК Техника на четенето. Вж и 001.8
УДК код - определител по УДК 028.1
УДК определител (035)
УДК - код + определител 028.1(035)
100 1# - Редна дума - Автор
Автор Иванов, Петър Иванов
Авторска отговорност първи автор
R(LIN) 370569
139 ## - Редно поле
Редна дума Иванов, Петър Иванов
Авторски знак Иванов - И 21
245 10 - Сведения за заглавието
Заглавие Чети по-бързо!
Подзаглавни данни Ръководство за бързо четене (Speed Reading) на печатни и виртуални текстове
Редно поле (дума) Петър Иванов Иванов.
257 ## - Страна на издаване
Страна на създаване/издаване България
260 ## - Област на издателските данни
Място на издаване, разпространение и проч. Русе
Име на издателя, разпространителя и проч. Ахат
Година на издаване 2021
Печатница (Русе : Русе прес)
9 (RLIN) 213972
Издателство - префикс ISBN 978-954-9664- ; 954-91854-
300 ## - Физическа характеристика
Страници 116 с.
Илюстрации и др. с ил., табл., сх.
Размери/Мащаб 20 см
380 ## - Жанр
Жанр Общ отдел
500 ## - Общи забележки
Забележка 1. изд. 2012 на изд. Зенит.
650 #4 - Допълнително описание по предмет – тема
Основно описание – тема или топоним Четене - наръчници и ръководства
9 (RLIN) 334923
650 #0 - Допълнително описание по предмет – тема
Основно описание – тема или топоним Техника на четенето
9 (RLIN) 323420
653 ## - Ключова дума – ненормативна
Ключова дума четене
653 ## - Ключова дума – ненормативна
Ключова дума ръководства
659 ## - Тематичен бюлетин
Тематичен бюлетин Н
852 ## - Местоположение
Форматна сигнатура Цб 312345
Фондова буква Хранилище
999 ## - СИСТЕМНИ КОНТРОЛНИ НОМЕРА
Koha biblionumber 455071
Koha biblioitemnumber 455071
942 ## - АРТИКУЛИ
Вид на библиотечния материал Книги
Скрит в OPAC Не
Периодичен библиозапис Да
944 ## - СЪЗДАВАНЕ И РЕДАКЦИЯ на ЗАПИСА
Създаване/Редакция Създаване
Дата на регистрацията/редакция 2022-05-11
Служител, извършил регистрацията/редакцията Кети
Наличности
Код за отписване Код за изгубен артикул Източник на класификационната схема Код за повреда Коз за рестрикции Код за отдаване Артикулен № Име на библиотеката - собственик Име на библиотеката, в която се намира в момента Статус (Текущо местоположение) Дата на вписване в системата Местоположение - отдел Цена в лева Систематично азбучна сигнатура Баркод Цена в евро Служебен тип на артикула
  Не е изгубен Universal Decimal Classification Не е повреден само за читалня ползва се в читалня 883786 Регионална библиотека "Любен Каравелов" Русе Регионална библиотека "Любен Каравелов" Русе Хранилище 2022-05-12 Хранилище 15.00 Цб 312345 120000871835 7.67 Книги
Vip Innovations Ltd, Rousse, Bulgaria 2025